中华人民共和国历届全国运动会举办省市 - Statistics

General Stats
  • This quiz has been taken 41 times
  • The average score is 10 of 15
Answer Stats
Hint Answer % Correct
1959 北京市
97%
1983 上海市
86%
1965 北京市
83%
1975 北京市
81%
1979 北京市
81%
1997 上海市
64%
1993 北京市
61%
2009 山东省
61%
2017 天津市
61%
2001 广东省
58%
2005 江苏省
58%
2021 陕西省
58%
1987 广东省
56%
2013 辽宁省
56%
2025 广东省、香港特别行政区、澳门特别行政区
47%
No matching quizzes found
Score Distribution
Percent of People with Each Score
Percentile by Number Answered
Your Score History
You have not taken this quiz